000 00977nam a2200193Ia 4500
999 _c40606
_d40606
001 7233
003 GE_BSU
005 20230830124708.0
008 181216s2011||||ge |||||||||||||| ||geo||
040 _cGE_BSU
041 _ageo
080 _a658.17:329(479.22) პ-55
245 _aპოლიტიკური პარტიების დაფინანსების კვლევა /
_cფონდი ღია საზოგადოება საქართველო.
264 _aთბილისი :
_bსაერთაშორისო გამჭვირვალობა-საქართველო,
_c2011.
300 _a160 გვ. :
_bცხრ., დიაგრ. ;
_c 29 სმ.
546 _aტექსტი ქართულ და ინგლისურ ენებზე
653 _aპოლიტიკური პარტიების დაფინანსების კვლევა
942 _cBK
_2udc